Kitāb al-ibdāl wa-al-muʻāqabah wa-al-nazāʼir, (Record no. 48512)

MARC details
000 -LEADER
fixed length control field 00973cam a22002531 4500
001 - CONTROL NUMBER
control field ne 65002399
003 - CONTROL NUMBER IDENTIFIER
control field DLC
005 - DATE AND TIME OF LATEST TRANSACTION
control field 20260227111818.0
008 - FIXED-LENGTH DATA ELEMENTS--GENERAL INFORMATION
fixed length control field 900328s1962 sy h b 000 0 ara
010 ## - LIBRARY OF CONGRESS CONTROL NUMBER
LC control number ne 65002399
025 ## - OVERSEAS ACQUISITION NUMBER
Overseas acquisition number PL480:UAR-6230
035 ## - SYSTEM CONTROL NUMBER
System control number (OCoLC)21279749
040 ## - CATALOGING SOURCE
Original cataloging agency DLC
Transcribing agency WaU
Modifying agency WaU
-- DLC
050 00 - LIBRARY OF CONGRESS CALL NUMBER
Classification number PJ6131
Item number .Z26 1962
100 1# - MAIN ENTRY--PERSONAL NAME
Personal name Zajjājī, ʻAbd al-Raḥmān ibn Isḥāq,
Dates associated with a name -approximately 950.
245 10 - TITLE STATEMENT
Title Kitāb al-ibdāl wa-al-muʻāqabah wa-al-nazāʼir,
Statement of responsibility, etc. taʼlīf Abī al-Qāsim ʻAbd al-Raḥmān ibn Isḥaq al-Zajjājī. Ḥaqqaqahu wa-qaddama lahu wa-sharraḥahu ʻIzz al-Dīn al-Tanūkhī.
260 ## - PUBLICATION, DISTRIBUTION, ETC.
Place of publication, distribution, etc. Dimashq,
Date of publication, distribution, etc. 1962.
300 ## - PHYSICAL DESCRIPTION
Extent 14, 126, [1] p.
Other physical details facsims.
Dimensions 24 cm.
440 #0 - SERIES STATEMENT/ADDED ENTRY--TITLE
Title Maṭbūʻāt al-Majmaʻ al-ʻIlmī al-ʻArabī bi-Dimashq
504 ## - BIBLIOGRAPHY, ETC. NOTE
Bibliography, etc. note Bibliography: p. [127]
650 #0 - SUBJECT ADDED ENTRY--TOPICAL TERM
Topical term or geographic name entry element Arabic language
General subdivision Inflection.
700 1# - ADDED ENTRY--PERSONAL NAME
Personal name Tanūkhī, ʻIzz al-Dīn.
740 0# - ADDED ENTRY--UNCONTROLLED RELATED/ANALYTICAL TITLE
Uncontrolled related/analytical title Ibdāl wa-al-muʻāqabah wa-al-naẓāʼir.

No items available.

Powered by Koha